000 00701nam a2200181Ia 4500
003 GCL
008 140319s9999 xx 000 0 ara d
040 _aGCL /
_cGCL
082 0 4 _a929.3
_bق م
100 1 _aفتيبة الشهابى
245 1 0 _aمعجم القاب اراب السلطان فى الدول الاسلامية من العصر الراشدى حتى بدايات القرن العشرين /
_cفتيبة الشهابى
260 _aسوريا :
_bمنشورات وزارة الثقافة ،
_c1995
300 _a312 ص ؛
_c24 سم
650 0 4 _aالتاريخ الاسلامى
650 0 4 _aاسماء الاشخاص
650 0 4 _aالرتب والالقاب
942 _2ddc
_cBK
999 _c43848
_d43848